[Event "SVK ECo-C Extraliga 2018-19"]
[Site "Slovakia"]
[Date "2019.03.10"]
[Round "8.1"]
[White "Leniart, Arkadiusz"]
[Black "Saric, Ivan"]
[Result "0-1"]
[WhiteElo "2498"]
[BlackElo "2703"]
[Annotator "TA"]
[PlyCount "96"]
[EventDate "2018.11.10"]
[EventType "team-tourn"]
[EventCountry "SVK"]
[SourceTitle "playchess.com"]
[Source "ChessBase"]
[SourceQuality "1"]
[WhiteTeam "Prakovce"]
[BlackTeam "Modra"]

{[%evp 18,96,-15,-27,-6,-16,-12,-22,-23,-29,0,0,0,0,0,0,0,0,11,0,0,-7,0,-39,0,0,0,0,0,-21,0,0,0,0,0,0,0,0,0,0,0,0,0,0,0,0,0,0,0,0,0,0,0,-12,0,0,0,0,0,0,0,0,0,0,-6,-218,-218,-193,-147,-846,-834,-742,-742,-1315,-1043,-1689,-1564,-5073,-2297,-5618,-5498]} 1. d4 Nf6 2. c4 g6 3. Nc3 Bg7 4. e4 d6 5. Nf3 O-O 6. h3 e5 7. dxe5 dxe5 8. Qxd8 Rxd8 9. Bg5 Na6 10. Nd5 Rd6 {E90: King's Indian: Classical: Early deviations and 6 h3} 11. Bxf6 Bxf6 12. O-O-O (12. Rc1 b6 13. b4 c6 14. Nxf6+ Rxf6 15. a3 c5 16. b5 Nc7 17. Rd1 a6 18. Rd8+ {0-1 (44) Wang,Y (2690)-Saric,I (2669) Riadh 2017}) 12... Nc5 {The position is equal.} 13. Bd3 c6 (13... Bd8 {keeps more tension.} 14. Bc2 f6 15. b4 Ne6 16. c5 Rd7) 14. Nxf6+ Rxf6 15. Bc2 Be6 {[#]} 16. b3 $146 ({Predecessor:} 16. b4 Na6 17. a3 Re8 18. c5 {½-½ (18) Georgiev,V (2565)-Lesiege,A (2535) Mermaid Beach 1998}) 16... Rf4 17. Rd2 Re8 18. Re2 Bc8 19. b4 Ne6 20. c5 Rxf3 21. gxf3 Nf4 $1 {[%cal Rf4e2]} 22. Rd2 Bxh3 23. Bb3 Kf8 24. Rd6 Ke7 25. Kd2 h5 26. Ke3 h4 27. a4 Rc8 28. Bc4 g5 29. Rhd1 f6 30. Bb3 a6 31. Bc4 Ra8 32. Bb3 Ng6 33. Bc4 Nf8 34. b5 axb5 35. axb5 Bd7 36. bxc6 bxc6 37. Rb1 Ra5 38. Rdd1 Rxc5 39. Kd3 Ra5 40. Rb7 Ra3+ 41. Bb3 $2 {[#]} (41. Ke2 $11) 41... Ne6 $19 42. Kc3 Nd4 43. f4 $2 {[%mdl 8192]} (43. Kb2 $17 Ra8 44. f4) 43... Rxb3+ {Black is clearly winning.} 44. Rxb3 Nxb3 45. Kxb3 exf4 46. f3 Bh3 47. Rd2 g4 48. Rh2 g3 {Accuracy: White = 46%, Black = 80%.} 0-1

[Event "SVK ECo-C Extraliga 2018-19"]
[Site "Slovakia"]
[Date "2019.03.10"]
[Round "8.1"]
[White "Sipos, Istvan"]
[Black "Pechac, Jergus"]
[Result "1/2-1/2"]
[WhiteElo "2492"]
[BlackElo "2470"]
[Annotator "TA"]
[PlyCount "119"]
[EventDate "2018.11.10"]
[EventType "team-tourn"]
[EventCountry "SVK"]
[SourceTitle "playchess.com"]
[Source "ChessBase"]
[SourceQuality "1"]
[WhiteTeam "Komarno"]
[BlackTeam "Zilina"]

{[%evp 15,118,16,16,-1,16,22,18,20,27,22,26,22,72,68,71,64,108,106,161,170,162,168,184,92,85,90,106,69,75,42,27,36,30,8,29,12,13,0,5,5,11,11,11,11,11,0,0,0,4,4,16,0,0,0,0,0,65,60,98,106,64,92,196,190,235,231,238,113,439,439,275,418,432,432,423,284,425,388,423,409,29959,29968,29963,29969,29965,0,0,0,0,0,0,0,0,0,0,0,0,0,0,0,0,0,0,0,0]} 1. e4 e5 2. Nf3 Nc6 3. Bb5 Nf6 4. O-O Nxe4 5. Re1 Nd6 6. Nxe5 Nxe5 7. Rxe5+ Be7 8. Bf1 O-O 9. Nc3 {[%cal Bb1c3,Bc3d5,Bd5e3][%mdl 32] C67: Ruy Lopez: Berlin Defence: 4 0-0 Nxe4} (9. d4 Bf6 10. Re1 Re8 11. Rxe8+ Nxe8 12. c3 d5 13. Bf4 Nd6 14. Nd2 c6 15. Qf3 Be6 16. Re1 Qd7 17. h3 Re8 18. Bd3 {1-0 (26) Saric,I (2690)-Caruana,F (2828) chess.com INT 2019}) 9... Ne8 10. Nd5 Bd6 11. Re1 c6 12. Ne3 Be7 13. c4 d5 14. cxd5 cxd5 {[#]} 15. Nxd5 $1 {[%mdl 512] [#]} Bc5 $146 (15... Qxd5 16. Rxe7) ({Predecessor:} 15... Qxd5 16. Rxe7 Be6 {½-½ (47) Blomqvist,E (2567)-Gupta,A (2634) London 2016}) 16. d4 Qxd5 (16... Bd6 $16) 17. dxc5 $18 Qxc5 18. Be3 Qa5 19. a3 (19. b4 $18 Qxb4 20. Rc1) 19... Nf6 $16 20. Bd4 Bg4 21. f3 {Threatens to win with Bxf6.} Be6 22. Bxf6 gxf6 23. Qd4 Kg7 24. Rad1 Rac8 25. Qf2 Rfd8 26. h4 Rxd1 27. Rxd1 Qc5 28. Qxc5 Rxc5 $11 {[%mdl 4096] Endgame KRB-KRB} 29. Bd3 f5 30. f4 Bb3 31. Re1 Rd5 32. Re3 Kf6 33. Bxf5 (33. Ba6 {looks sharper.} Bc2 34. Bxb7 Rb5 35. Bf3 Rxb2 36. Re2) 33... Kxf5 34. Rxb3 {KR-KR} b6 35. Kh2 f6 ({Black should try} 35... h5 $11) 36. Kg3 $14 Ke4 37. Rb4+ $1 Ke3 38. Rc4 Rb5 (38... Rc5 $16 {is a better defense.} 39. Rxc5 bxc5) 39. b4 $18 a5 40. bxa5 Rxa5 41. Rb4 (41. a4 $1 $18) 41... f5 $2 {[%mdl 8192]} (41... Rxa3 $16 {is a better chance.} 42. Kg4 (42. Rxb6 Ke4+ 43. Kh2 Kxf4 $11) 42... Ra6) 42. Rxb6 Rxa3 43. Re6+ $1 Kd4+ 44. Kf2 Ra2+ {[#]} 45. Kg1 $1 Rc2 {[#]} (45... Ra3 $142 46. Re5 Ra6) 46. h5 $1 Rc5 47. Kh2 Kd5 (47... Rc3 $18 48. Re7 h6) 48. Re5+ Kd4 49. Rxc5 Kxc5 {K3P-KPP} 50. h6 $2 (50. Kh3 {mates} Kd5 51. Kh4 h6 52. g4 fxg4 53. Kxg4 Ke4 54. Kg3 Kd4 55. Kf3) 50... Kd5 $11 {The position is equal.} 51. Kh3 {Kh4 is the strong threat.} Ke4 52. g3 Kd5 $1 53. Kg2 Ke6 54. Kf2 Kf6 55. Ke3 Kg6 56. Kd4 Kxh6 57. Ke5 Kg6 58. Ke6 h6 $1 59. Ke5 Kh5 $1 60. Kxf5 {Accuracy: White = 64%, Black = 40%.} 1/2-1/2

[Event "SVK ECo-C Extraliga 2018-19"]
[Site "Slovakia"]
[Date "2019.03.10"]
[Round "8.2"]
[White "Balogh, Csaba"]
[Black "Klekowski, Maciej"]
[Result "1-0"]
[WhiteElo "2628"]
[BlackElo "2499"]
[Annotator "TA"]
[PlyCount "81"]
[EventDate "2018.11.10"]
[EventType "team-tourn"]
[EventCountry "SVK"]
[SourceTitle "playchess.com"]
[Source "ChessBase"]
[SourceQuality "1"]
[WhiteTeam "Modra"]
[BlackTeam "Prakovce"]

{[%evp 11,81,3,8,0,0,0,23,24,58,62,72,52,66,39,70,71,69,68,90,83,85,87,87,85,86,81,91,100,93,88,173,168,182,190,212,215,182,195,209,199,218,212,262,245,256,256,293,273,271,269,303,310,336,327,374,353,388,386,535,531,503,503,648,644,643,629,627,625,997,940,933,855]} 1. e4 e5 2. Nf3 Nc6 3. Bb5 a6 4. Ba4 Nf6 5. Nc3 b5 6. Bb3 Be7 7. a4 {C77: Ruy Lopez: 3...a6 4 Ba4 Nf6, unusual lines} (7. d3 d6 8. a3 O-O 9. Nd5 Na5 10. Ba2 Nxd5 11. Bxd5 c6 12. Ba2 Bf6 13. O-O Re8 14. b4 Nb7 15. c4 Be6 {½-½ (23) Rapport,R (2692)-Aronian,L (2785) Sharjah 2017}) 7... b4 8. Nd5 Rb8 9. d4 {White has an edge.} d6 10. dxe5 dxe5 11. O-O $146 ({Reject} 11. Nxe7 $6 Qxd1+ 12. Kxd1 Kxe7 $11) ({Predecessor:} 11. Be3 O-O 12. Qe2 h6 13. O-O-O Bd6 14. g4 Nxg4 {0-1 (28) Damaso,R (2485)-Lezcano Jaen,P (2390) Las Palmas 1997}) 11... O-O 12. Be3 Bg4 13. a5 Nxd5 14. Bxd5 Nd4 15. Bxd4 exd4 16. h3 ({Wrong is} 16. Qxd4 $2 Bxf3 17. Qd3 {[#]} c6 $1 $19 {[%mdl 512]}) 16... Bxf3 17. Qxf3 c5 18. Bc4 Bd6 19. Qf5 g6 20. Qd5 Ra8 (20... Qe7 $16) 21. e5 $18 Be7 22. Qb7 Rb8 23. Qxa6 Qc7 24. Rfe1 Ra8 25. Qb5 Rfb8 26. Qa4 b3 27. cxb3 ({And not} 27. Bxb3 Rb4 $17) 27... Kg7 28. a6 Rb4 29. Qa2 Ra7 30. Qb1 Rb6 31. Qd3 Qc6 32. Re4 Bd8 33. f4 Qc8 34. Rf1 f6 35. exf6+ {White is clearly winning.} Bxf6 36. Rfe1 h5 37. Re8 Qf5 38. Qf3 d3 39. Bxd3 Bd4+ 40. Kh1 Qf6 41. f5 {Accuracy: White = 88%, Black = 32%.} 1-0

[Event "SVK ECo-C Extraliga 2018-19"]
[Site "Slovakia"]
[Date "2019.03.10"]
[Round "8.2"]
[White "Socko, Bartosz"]
[Black "Vajda, Levente"]
[Result "1-0"]
[WhiteElo "2611"]
[BlackElo "2541"]
[Annotator "TA"]
[PlyCount "105"]
[EventDate "2018.11.10"]
[EventType "team-tourn"]
[EventCountry "SVK"]
[SourceTitle "playchess.com"]
[Source "ChessBase"]
[SourceQuality "1"]
[WhiteTeam "Dunajov"]
[BlackTeam "Streda"]

{[%evp 19,105,35,24,32,45,41,43,37,71,72,69,64,78,90,86,90,77,85,70,84,80,63,68,56,56,74,68,61,61,63,51,64,50,59,56,28,29,40,26,31,35,33,29,22,22,22,64,61,63,63,77,46,59,58,62,17,127,127,127,79,118,73,84,73,81,74,121,121,113,79,89,87,81,73,108,108,111,38,98,95,99,99,97,83,96,104,616,607]} 1. Nf3 Nf6 2. c4 e6 3. d4 d5 4. g3 Be7 5. Bg2 O-O 6. O-O dxc4 7. Ne5 Nc6 8. Bxc6 bxc6 9. Nxc6 Qe8 10. Nxe7+ Qxe7 11. Qc2 {E05: Open Catalan: 5 Nf3 Be7} e5 (11... c5 12. Qxc4 cxd4 13. Qxd4 e5 14. Qh4 h6 15. Nc3 Bb7 16. Be3 Qe6 17. Qa4 Bc6 18. Qa6 Rfc8 19. f3 Rab8 20. Rab1 Nd5 21. Nxd5 Bxd5 22. Qxe6 Bxe6 {½-½ (30) Wang,Y (2679)-Wang,H (2710) Hangzhou 2018}) 12. Rd1 exd4 13. Rxd4 {White is slightly better.} Qe5 14. Rxc4 Ba6 15. Bf4 {[#]} ({Much worse is} 15. Rxc7 Nd5 $11) 15... Qa5 $146 ({Predecessor:} 15... Qh5 16. Rc5 Qxe2 17. Qxe2 Bxe2 18. Nc3 Bf3 19. Rxc7 {½-½ (63) Rozum,I (2535)-Rychagov,A (2535) Kazan 2014}) 16. b4 Qh5 17. Rc5 ({But not} 17. Rxc7 $6 Nd5 $11) 17... Qxe2 18. Qxe2 Bxe2 19. Nc3 Bf3 20. Rxc7 Rfc8 21. Rxc8+ Rxc8 22. Nb5 Nd5 23. a3 Nxf4 24. gxf4 $14 {[%mdl 4096] Endgame KRB-KRN} a6 25. Nd4 Bd5 26. Rd1 Kf8 27. f3 g6 28. Rd3 Rc1+ 29. Kf2 {[#] Black must now prevent Ne2.} Bc4 30. Rd2 Rf1+ 31. Kg2 Ra1 32. Rc2 Bd3 33. Rc3 Ra2+ 34. Kg3 Bf5 35. Nc6 (35. Nxf5 {with more complications.} gxf5 36. h3 Kg7 37. Kh4 h6 38. Rd3) 35... Bd7 36. Ne5 Bf5 37. Rc7 Rxa3 (37... Be6 $11) 38. Rxf7+ $16 Kg8 39. Rb7 Rb3 40. Kh4 {Threatens to win with Kg5.} h6 41. Rb6 Kg7 42. Kg3 Rb2 43. Rb7+ Kf8 44. h3 Rb3 45. Rb8+ Kg7 46. Rb6 Ra3 47. Rb7+ Kf8 48. Kf2 ({Better is} 48. Ra7 $16 {Strongly threatening b5!} Ra4 49. Rf7+ Kg8 50. Rb7) 48... Rb3 (48... a5 $1 $14) 49. Rb6 Kg7 50. h4 h5 51. Nc6 Ra3 52. Rb7+ Kf6 $2 {[%mdl 8192] [#]} (52... Kf8 $16 53. Ra7 Ra4) 53. Nd8 $1 {Accuracy: White = 65%, Black = 58%.} 1-0

[Event "SVK ECo-C Extraliga 2018-19"]
[Site "Slovakia"]
[Date "2019.03.10"]
[Round "8.2"]
[White "Petrik, Tomas"]
[Black "Jakab, Bela"]
[Result "1-0"]
[WhiteElo "2466"]
[BlackElo "2320"]
[Annotator "TA"]
[PlyCount "115"]
[EventDate "2018.11.10"]
[EventType "team-tourn"]
[EventCountry "SVK"]
[SourceTitle "playchess.com"]
[Source "ChessBase"]
[SourceQuality "1"]
[WhiteTeam "Zilina"]
[BlackTeam "Komarno"]

{[%evp 27,115,0,0,2,17,0,0,0,16,19,18,15,12,0,0,0,3,0,24,9,77,0,41,0,64,64,78,52,52,49,52,53,63,0,0,0,0,0,0,0,0,0,0,-2,0,0,0,0,0,0,4,4,5341,1841,12406,9929,29971,29972,29976,29975,29978,29979,29979,29980,29981,29982,29982,29983,29983,29984,29984,29985,29985,29986,29986,29986,29987,29988,29988,29988,29988,29987,29988,29989,29989,29989,29990,29989,29989,29989]} 1. e4 e6 2. d4 d5 3. Nd2 c5 4. exd5 Qxd5 5. Ngf3 cxd4 6. Bc4 Qd6 7. O-O Nf6 8. Nb3 Nc6 9. Nbxd4 Nxd4 10. Nxd4 a6 11. Bb3 Qc7 12. Qf3 Bd6 13. h3 O-O 14. Bg5 Nd7 15. c3 {C07: French Tarrasch: 3...c5, 4 Ngf3 and 4 exd5 Qxd5} h6 (15... b5 16. Rfe1 Bb7 17. Qh5 Ne5 18. Bc2 Ng6 19. Rad1 Qc5 20. Qg4 Ne5 21. Qh4 Ng6 22. Qg4 Ne5 23. Qh4 Ng6 {½-½ (23) Parligras,M (2551)-Meier,G (2663) Rijeka 2010}) 16. Bh4 Ne5 17. Qe4 {The position is equal.} Ng6 $146 ({Predecessor:} 17... Nc4 18. Rfe1 Nd2 19. Qd3 Nxb3 20. axb3 Bd7 21. Rad1 Bh2+ 22. Kf1 g5 {0-1 (30) Sirotkin,V (2242)-Van Wieringen,C (2208) ICCF email 2013}) 18. Bxe6 Bxe6 19. Nxe6 Rae8 {[%mdl 64] Pin} 20. Qxg6 {[%csl Ge6][%cal Rg6g7]} Rxe6 21. Qd3 Rfe8 22. Rad1 Bf4 23. Qd7 Qb6 (23... Bh2+ $11 {remains equal.} 24. Kh1 Bd6 25. Qxc7 Bxc7) 24. Qd4 (24. Rd4 $1 $16 {[%cal Rd4f4]} g5 25. Bg3) 24... Qc7 25. Qd7 Qb6 26. Rd4 $1 {[%cal Rd4f4]} Bd6 27. b3 g5 28. Bg3 Rd8 29. Qa4 Bxg3 30. Rxd8+ (30. fxg3 $14 Rxd4 31. Qxd4 (31. cxd4 Re4 $11)) 30... Qxd8 $11 31. fxg3 $14 {[%mdl 4096] Endgame KQR-KQR} Qd3 32. Qb4 b5 33. Qg4 (33. Qd4 {with more complications.} Qxg3 34. Qd7 Qe3+ 35. Kh1 f6 36. c4) 33... Qxc3 34. h4 Qe3+ 35. Kh2 Qe4 36. Qxe4 Rxe4 37. hxg5 hxg5 $11 {KR-KR} 38. Rf5 g4 39. Rf4 Rxf4 $4 {[%mdl 8192]} (39... Re2 $11) 40. gxf4 {KP-KP} f5 41. Kg3 Kf7 42. Kh4 $1 {[%cal Rh4g5] White mates.} Kf6 {[#]} 43. Kh5 $1 a5 44. g3 b4 {[#]} 45. Kh6 $1 {[%cal Rh6h5]} Ke6 46. Kg6 Kd5 47. Kxf5 Kd4 48. Kxg4 Kc3 49. f5 Kb2 50. f6 Kxa2 51. f7 Kxb3 52. f8=Q a4 53. Qf3+ Kb2 54. Qe4 Kc3 55. Qe3+ Kc4 56. Qc1+ Kb3 57. Qb1+ Kc3 58. Qa2 {Accuracy: White = 84%, Black = 44%.} 1-0

[Event "SVK ECo-C Extraliga 2018-19"]
[Site "Slovakia"]
[Date "2019.03.10"]
[Round "8.2"]
[White "Vykouk, Jan"]
[Black "Markos, Jan"]
[Result "1/2-1/2"]
[WhiteElo "2435"]
[BlackElo "2551"]
[Annotator "TA"]
[PlyCount "66"]
[EventDate "2018.11.10"]
[EventType "team-tourn"]
[EventCountry "SVK"]
[SourceTitle "playchess.com"]
[Source "ChessBase"]
[SourceQuality "1"]
[WhiteTeam "Osuske"]
[BlackTeam "Snina"]

{[%evp 20,66,14,8,54,39,33,17,0,9,10,34,39,33,62,63,58,66,72,62,75,63,64,73,73,70,47,22,22,44,37,22,22,30,29,24,24,18,19,0,33,26,26,0,0,0,0,-20,-20]} 1. e4 c5 2. Nf3 Nc6 3. d4 cxd4 4. Nxd4 Nf6 5. Nc3 e5 6. Ndb5 d6 7. Bg5 a6 8. Na3 b5 9. Nd5 Be7 10. Bxf6 Bxf6 11. c4 Nd4 {B33: Sicilian: Pelikan and Sveshnikov Variations} (11... b4 12. Nc2 a5 13. g3 {½-½ (13) Nepomniachtchi,I (2763)-Carlsen,M (2835) St Petersburg 2018}) 12. cxb5 Be6 13. bxa6 Bxd5 $1 14. exd5 {Hoping for Qa4+.} Qa5+ 15. Qd2 Qxd5 16. Nb5 $36 {[%mdl 2048] [#] And now Nc7+ would win. White has the initiative.} ({Much worse is} 16. Bb5+ Ke7 $15) 16... Qe4+ 17. Qe3 Nc2+ 18. Kd2 $146 Qxe3+ 19. fxe3 Nxa1 20. Nc7+ Ke7 {[#] Strongly threatening ...Rac8.} 21. Nxa8 Rxa8 22. Be2 {Threatens to win with b4.} e4 23. Rxa1 {next Rb1 is good for White.} Bxb2 $14 {[%mdl 4096] Endgame KRB-KRB} 24. Rb1 Ba3 25. Bc4 {Rb7+ is the strong threat.} f5 26. Rb7+ Kf6 27. Rf7+ Kg6 $1 28. Rd7 Bc5 29. h3 Kf6 30. Rf7+ Kg6 31. g4 fxg4 {The position is equal.} 32. hxg4 Rxa6 33. Rxg7+ Kxg7 {Accuracy: White = 44%, Black = 92%.} 1/2-1/2

[Event "SVK ECo-C Extraliga 2018-19"]
[Site "Slovakia"]
[Date "2019.03.10"]
[Round "8.2"]
[White "Roubalik, Jakub"]
[Black "Banusz, Tamas"]
[Result "1/2-1/2"]
[WhiteElo "2410"]
[BlackElo "2612"]
[Annotator "TA"]
[PlyCount "89"]
[EventDate "2018.11.10"]
[EventType "team-tourn"]
[EventCountry "SVK"]
[SourceTitle "playchess.com"]
[Source "ChessBase"]
[SourceQuality "1"]
[WhiteTeam "Dubnica"]
[BlackTeam "Slovan"]

{[%evp 23,89,23,24,0,0,0,0,0,0,0,0,0,5,0,0,0,21,0,0,0,18,0,0,0,6,6,34,7,4,0,0,0,0,-8,-8,-2,-8,-11,0,0,0,0,0,-12,0,0,0,0,0,0,0,-11,0,0,0,-5,0,0,0,0,0,0,0,0,0,0,0,0]} 1. d4 Nf6 2. c4 e6 3. Nc3 Bb4 4. e3 O-O 5. Bd3 c5 6. Nf3 {[%cal Bg1f3,Bf3d2,Bd2f1,Bf1g3][%mdl 32]} Nc6 7. O-O Bxc3 8. bxc3 d6 9. e4 e5 10. d5 Ne7 11. Nd2 h6 {E41: Nimzo-Indian: Rubinstein: 4...c5 5 Bd3, including Hübner Variation} (11... Ng6 12. Re1 h5 13. Nf1 Nf4 14. Bb1 g5 15. Ne3 Kg7 16. a4 Rh8 17. Ra2 h4 18. a5 Rb8 19. Bc2 {1-0 (37) Debashis,D (2472)-Gholami,A (2422) Doha 2016}) 12. Re1 Nh7 {LiveBook: 4 Games} 13. Nf1 f5 14. exf5 $1 Bxf5 15. Ng3 Bxd3 16. Qxd3 Qd7 17. a4 Rf7 18. a5 Raf8 19. Ra2 (19. f3 {seems wilder.} Nf5 20. Ne4 Nf6 21. Nf2 Nh4 22. Ra2) 19... Nf5 $146 20. Nxf5 Rxf5 21. Be3 Nf6 22. Rb1 Ng4 23. Rab2 b6 24. axb6 axb6 25. h3 (25. Qe4 $5 {[%cal Re4g4]} Nxe3 26. fxe3 $14) 25... Nxe3 {The position is equal.} 26. Qxe3 Rf4 27. Rxb6 Qf5 {[%cal Rf4f2]} 28. Rb8 Kh7 29. R1b2 Rf6 30. Rd8 h5 31. Rbb8 {[#] Black must now prevent Qg3.} h4 32. Rh8+ Kg6 33. Rbg8 Qe4 34. Qd2 Qxc4 35. f3 e4 36. fxe4 Qxe4 37. Re8 Qb1+ 38. Kh2 $1 Qf5 39. Re2 c4 40. Qe3 {[#] Threatens to win with Qe8+.} Qxd5 41. Qe8+ Qf7 42. Qc8 Qd5 43. Qe8+ Qf7 44. Qc8 Qd5 45. Qe8+ {Precision: White = 59%, Black = 75%.} 1/2-1/2

[Event "SVK ECo-C Extraliga 2018-19"]
[Site "Slovakia"]
[Date "2019.03.10"]
[Round "8.2"]
[White "Neuman, Petr"]
[Black "Gazik, Viktor"]
[Result "0-1"]
[WhiteElo "2401"]
[BlackElo "2513"]
[Annotator "TA"]
[PlyCount "48"]
[EventDate "2018.11.10"]
[EventType "team-tourn"]
[EventCountry "SVK"]
[SourceTitle "playchess.com"]
[Source "ChessBase"]
[SourceQuality "1"]
[WhiteTeam "Liptovska"]
[BlackTeam "Podhajska"]

{[%evp 12,48,37,-3,45,20,26,23,30,23,44,-61,-56,-28,-29,-96,-128,-197,-173,-199,-181,-241,-238,-236,-243,-241,-216,-265,-261,-350,-336,-485,-304,-487,-492,-905,-915,-868,-868]} 1. e4 c5 2. Nf3 d6 3. d4 cxd4 4. Nxd4 Nf6 5. Nc3 a6 6. Bg5 Nbd7 7. f4 g6 {B94: Sicilian Najdorf: 6 Bg5 Nbd7} 8. Qe2 Bg7 9. O-O-O O-O {White has an edge.} 10. h4 h6 $146 {[#] Strongly threatening ...Nh5.} ({Predecessor:} 10... e5 11. fxe5 dxe5 12. Nb3 h6 13. Bxf6 Bxf6 14. h5 Bg5+ {1-0 (57) Annaberdiev,M (2435)-Kovalenko,I (2684) Lisbon 2017}) 11. g4 ({White should play} 11. f5 $1 $14) 11... e5 $1 $15 {[%cal Re5d4]} 12. Nb3 hxg5 13. fxg5 (13. hxg5 $11 exf4 14. Qh2) 13... Nh7 $17 14. Qe3 (14. Rxd6 $17 Qc7 15. Rd2) 14... Nb8 15. Nd5 Nc6 16. c3 (16. Be2 $142) 16... b5 $19 {[%cal Bb7b5,Bb5b4,Bb4c3][%mdl 32]} 17. Kb1 Rb8 18. Be2 Be6 19. Rdf1 b4 20. h5 bxc3 ({Inferior is} 20... Nxg5 21. h6 $11) 21. Bc4 (21. hxg6 $142 c2+ 22. Kxc2 fxg6 23. Rxf8+ Nxf8 24. Kb1) 21... Qxg5 {[#] And now ...Bxd5 would win.} 22. hxg6 $2 (22. Qxc3 {only move.} a5 23. Ne3) 22... Qxg6 {White must now prevent ...Bxd5.Black is clearly winning.} 23. g5 (23. Bd3 $142) 23... Bxd5 24. Bxd5 Nb4 {Accuracy: White = 14%, Black = 80%.} 0-1

[Event "SVK ECo-C Extraliga 2018-19"]
[Site "Slovakia"]
[Date "2019.03.10"]
[Round "8.3"]
[White "Mihok, Oliver"]
[Black "Hrabusa, Matej"]
[Result "1-0"]
[WhiteElo "2540"]
[BlackElo "2405"]
[Annotator "TA"]
[PlyCount "119"]
[EventDate "2018.11.10"]
[EventType "team-tourn"]
[EventCountry "SVK"]
[SourceTitle "playchess.com"]
[Source "ChessBase"]
[SourceQuality "1"]
[WhiteTeam "Podhajska"]
[BlackTeam "Liptovska"]

{[%evp 12,119,11,9,17,17,14,-4,17,17,17,17,17,17,8,12,17,10,16,0,0,-6,20,28,30,21,20,0,34,38,45,35,72,59,70,0,0,0,6,0,0,0,0,0,0,0,0,0,0,0,47,46,108,99,89,94,75,58,52,3,6,5,5,5,5,0,8,0,0,0,10,0,0,0,4,0,23,8,21,29,87,90,185,223,205,198,186,179,533,539,471,322,749,727,693,676,1367,1285,1696,1579,4915,2649,2777,3718,29975,29977,29985,29986,29991,29992]} 1. e4 e6 2. d4 d5 3. Nc3 Bb4 4. e5 c5 5. a3 Ba5 6. b4 cxd4 7. Qg4 Kf8 {C18: French: 3 Nc3 Bb4: Main line: 7 h4 and 7 Qg4} 8. Nb5 Bb6 9. Nf3 Nc6 {The position is equal.} 10. Bb2 Nge7 11. Nbxd4 $146 (11. Bd3 Ng6 12. Qg3 f6 13. Bxg6 hxg6 14. Nbxd4 Nxe5 15. Nxe5 fxe5 {½-½ (24) Grischuk,A (2766)-Mamedyarov,S (2801) Saint Louis 2018}) 11... h5 12. Qf4 Ng6 13. Nxc6 bxc6 14. Qd2 Nh4 15. Ng5 Qe7 16. Qf4 $1 {[%cal Rf4h4]} Bd8 (16... Ng6 {is interesting.} 17. Qd2 Nxe5 18. Bxe5 f6 19. Nf3 fxe5 20. Nxe5 Qf6) 17. Qxh4 {[#] Strongly threatening Bc1.} Qxg5 18. Qxg5 Bxg5 19. a4 Rb8 20. Bd4 Rxb4 21. Bxa7 Be7 22. a5 c5 23. Bb6 ({Better is} 23. Be2 $14) 23... Ke8 $11 24. Be2 c4 25. Kd2 Ba6 26. Rhb1 Kd7 27. Rxb4 Bxb4+ 28. c3 Be7 29. Bd1 Kc6 $1 30. Bd4 Bb5 31. a6 {[%cal Ba5a6,Ba6a7][%mdl 32]} g6 (31... Ra8 $14) 32. a7 $16 Ra8 33. Ke3 Bc5 34. Bxc5 Kxc5 {[%mdl 4096] Endgame KRB-KRB} 35. Kf4 {next Kg5 is good for White.} Kb6 36. Kg5 {And now Kf6 would win.} Ba6 $1 ({Don't play} 36... Rxa7 $6 37. Rxa7 Kxa7 38. Kf6 $16) 37. Kf6 Rxa7 38. h4 Kc5 39. Ra5+ Kb6 40. Ra1 Kc5 41. Ra5+ Kb6 42. Ra2 Kc5 43. Ra4 Kb5 44. f4 d4 45. cxd4 Rd7 (45... c3 $1 $11 {remains equal.}) 46. Ra1 {Threatens to win with Ba4+.} Rxd4 {[#]} (46... Kb6 $16) 47. g3 $1 $18 Rd3 48. Kxf7 Rxg3 49. Kxe6 Rh3 $2 (49... Bc8+ {is more resistant.} 50. Kf7 Kc5) 50. Kd6 Rd3+ 51. Kc7 Re3 $2 (51... Kc5 52. Bc2 (52. Rxa6 Rxd1 53. e6 Re1 $16) 52... Rd2 53. Bxg6 (53. Rxa6 Rxc2 54. e6 Re2 $18) 53... Bb5) 52. Bc2 c3 53. Bxg6 Rg3 54. Be8+ Kb4 55. Ra4+ Kb3 56. Rxa6 Kb2 57. Rb6+ Ka1 58. Bg6 {White mates.} Rf3 59. e6 Rxf4 60. e7 {Accuracy: White = 71%, Black = 45%.} 1-0